La escuela en el Magreb (Registro nro. 179911)

Detalles MARC
000 -LEADER
campo de control de longitud fija 01173nam a2200325 i 4500
001 - NÚMERO DE CONTROL
campo de control 179911
003 - IDENTIFICADOR DE NÚMERO DE CONTROL
campo de control ES-MaACL
005 - FECHA Y HORA DE LA ÚLTIMA TRANSACCIÓN
campo de control 20230927152236.0
008 - DATOS DE LONGITUD FIJA--INFORMACIÓN GENERAL
campo de control de longitud fija 120223s2011 sp d |||| | spa d
020 ## - NÚMERO INTERNACIONAL ESTÁNDAR DEL LIBRO
Número Internacional Estándar del Libro 978-84-9888-284-1
080 ## - NÚMERO DE LA CLASIFICACIÓN DECIMAL UNIVERSAL
Número de la Clasificación Decimal Universal 37(61)
100 1# - ENTRADA PRINCIPAL--NOMBRE DE PERSONA
Nombre de persona Akkari, Abdeljalil.
9 (RLIN) 149437
245 13 - MENCIÓN DEL TÍTULO
Título La escuela en el Magreb
Resto del título : un desarrollo inacabado /
Mención de responsabilidad, etc. Abdeljalil Akkari ; [prólogo, Gema Martín Muñoz].
250 ## - MENCION DE EDICION
Mención de edición 1ª ed.
260 ## - PUBLICACIÓN, DISTRIBUCIÓN, ETC.
Lugar de publicación, distribución, etc. Barcelona :
Nombre del editor, distribuidor, etc. Icaria ;
Lugar de publicación, distribución, etc. [Madrid] :
Nombre del editor, distribuidor, etc. Casa Árabe,
Fecha de publicación, distribución, etc. 2011.
300 ## - DESCRIPCIÓN FÍSICA
Extensión 183 p. :
Otras características físicas gráf. ;
Dimensiones 22 cm.
490 1# - MENCIÓN DE SERIE
Mención de serie Antrazyt ;
Designación de volumen o secuencia 335
490 1# - MENCIÓN DE SERIE
Mención de serie Biblioteca de Casa Árabe
504 ## - NOTA DE BIBLIOGRAFÍA, ETC.
Nota de bibliografía, etc. Bibliografía: p.173-183.
650 04 - PUNTO DE ACCESO ADICIONAL DE MATERIA--TÉRMINO DE MATERIA
Término de materia o nombre geográfico como elemento de entrada Enseñanza-
Subdivisión geográfica Magreb.
9 (RLIN) 149438
651 #4 - PUNTO DE ACCESO ADICIONAL DE MATERIA--NOMBRE GEOGRÁFICO
Nombre geográfico Magreb-
Subdivisión general Civilización.
9 (RLIN) 9085
700 1# - ENTRADA AGREGADA--NOMBRE PERSONAL
Nombre de persona Martín Muñoz, Gema.
9 (RLIN) 77583
710 2# - ENTRADA AGREGADA--NOMBRE DE ENTIDAD CORPORATIVA
Nombre de entidad corporativa o nombre de jurisdicción como elemento de entrada Casa Árabe e Instituto Internacional de Estudios Árabes y del Mundo Musulmán.
9 (RLIN) 148163
830 0# - PUNTO DE ACCESO ADICIONAL DE SERIE-TÍTULO UNIFORME
Título uniforme Antrazyt ;
Designación de volumen o secuencia 335
9 (RLIN) 230606
830 0# - PUNTO DE ACCESO ADICIONAL DE SERIE-TÍTULO UNIFORME
Título uniforme Biblioteca de Casa Árabe
9 (RLIN) 191400
852 ## - LOCALIZACIÓN
Ubicación ES-MaACL
itemnumber 186815
Sublocalización o colección R.146940
Número de control de estantería A-11989
Signatura antigua Olim: N-4994
Ubicación en estantería Depósito 1
942 ## - ELEMENTOS DE ENTRADA SECUNDARIOS (KOHA)
Fuente del sistema de clasificación o colocación Clasificación decimal universal
Tipo de ítem Koha Libro impreso
Existencias
Estatus retirado Estado de pérdida Fuente del sistema de clasificación o colocación Estado de daño No para préstamo Biblioteca de origen Biblioteca actual Ubicación en estantería Fecha de adquisición Fuente de adquisición Total de préstamos Signatura topográfica completa Código de barras Visto por última vez Precio de reemplazo Tipo de ítem Koha
    Clasificación decimal universal     Biblioteca del Ateneo de Madrid Biblioteca del Ateneo de Madrid Depósito 1 23/02/2012 Donación   A-11989 1189005 23/02/2023 23/02/2023 Libro impreso